000 00571cam a2200169 4500500
005 20260405001524.0
041 _afre
042 _adc
100 1 0 _aPortevin, Catherine
_eauthor
245 0 0 _aLa douceur de l’ombre: L’arbre, source d’émotions, de l’Antiquité à nos jours
260 _c2013.
500 _a63
690 _aAlain Corbin
690 _aArbre
786 0 _nPhilosophie magazine | 71 | 7 | 2013-07-01 | p. 81-81 | 1951-1787
856 4 1 _uhttps://shs.cairn.info/magazine-philosophie-magazine-2013-6-page-81?lang=fr&redirect-ssocas=7080
999 _c2048527
_d2048527